000 00668nam a2200241Ia 4500
003 OSt
005 20220927115036.0
006 a|||||r|||| 00| 0
007 ta
008 220926b |||||||| |||| 00| 0 eng d
024 _a98437
037 _cThesis and Dissertations
040 _aRTL
_cRTL
_beng
041 _2eng
_aeng
082 _a"Y1:4z7, K4"
100 _aEisenstadt S N Ed.
_9390163
245 0 _aComparative social problems
260 _aNew
_bYork Free Press
_c1964
300 _a"xi,463p."
_ccm.
650 _aOccupational Sociology
942 _h"Y1:4z7, K4"
_cCC
999 _c705504
_d705504